000 00722nam a2200193 u 4500
001 000775989
003 AM-YeHGA
005 20250617143938.0
008 101202s1971 ||| r 000 0 rus d
040 _aAM-YeHGA
041 1 _arus
_htar
100 1 _aИсхак, Ахмет
245 1 0 _aПятна на солнце :
_bСатиры, юморески, басни, сказки, миниатюры, поэмы /
_cАхмет Исхак; Авториз. пер. с татар. И. Законоа.
260 _aКазань :
_bТатар. кн. изд-во,
_c1971.
300 _a142 с. :
_bил.
653 0 _aТатарская поэзия
700 1 _aЗаконов, Иван
_eпер.
_4trl
090 _c285985
999 _c284323
_d284323